MyGZULibrary

Heritage, memory & identity / (Record no. 7654)

MARC details
000 -LEADER
fixed length control field 02065cam a2200373 a 4500
001 - CONTROL NUMBER
control field 16157675
003 - CONTROL NUMBER IDENTIFIER
control field GZU
005 - DATE AND TIME OF LATEST TRANSACTION
control field 20210512085709.0
008 - FIXED-LENGTH DATA ELEMENTS--GENERAL INFORMATION
fixed length control field 100329s2011 cauab b 001 0 eng d
010 ## - LIBRARY OF CONGRESS CONTROL NUMBER
LC control number 2010925734
015 ## - NATIONAL BIBLIOGRAPHY NUMBER
National bibliography number GBB098924
Source bnb
016 7# - NATIONAL BIBLIOGRAPHIC AGENCY CONTROL NUMBER
Record control number 015630180
Source Uk
020 ## - INTERNATIONAL STANDARD BOOK NUMBER
International Standard Book Number 9780857023902 (pbk.)
035 ## - SYSTEM CONTROL NUMBER
System control number (OCoLC)ocn723063007
040 ## - CATALOGING SOURCE
Original cataloging agency NLE
Transcribing agency NLE
Modifying agency ILU
-- HVC
-- UAB
-- IUL
-- UKM
-- YDXCP
-- BWX
-- CDX
-- DLC
042 ## - AUTHENTICATION CODE
Authentication code lccopycat
050 00 - LIBRARY OF CONGRESS CALL NUMBER
Classification number HM621
Item number .HER 2011
082 04 - DEWEY DECIMAL CLASSIFICATION NUMBER
Classification number 303.482
Edition number 22
245 00 - TITLE STATEMENT
Title Heritage, memory & identity /
Statement of responsibility, etc. edited by Helmut Anheier, Yudhishthir Raj Isar.
246 3# - VARYING FORM OF TITLE
Title proper/short title Heritage, memory and identity
260 ## - PUBLICATION, DISTRIBUTION, ETC.
Place of publication, distribution, etc. Thousand Oaks, Calif. ;
-- London :
Name of publisher, distributor, etc. Sage Publications,
Date of publication, distribution, etc. 2011.
300 ## - PHYSICAL DESCRIPTION
Extent xxiv, 416 p. :
Other physical details ill. (some col.), col. maps ;
Dimensions 25 cm.
490 1# - SERIES STATEMENT
Series statement The cultures and globalization series ;
Volume/sequential designation 4
504 ## - BIBLIOGRAPHY, ETC. NOTE
Bibliography, etc. note Includes bibliographical references and index.
520 ## - SUMMARY, ETC.
Summary, etc. "Heritage, memory, and identity are closely connected keywords of our time, each endowed with considerable rhetorical power. Different human groups define certain objects and practices as 'heritage'; they envision heritage to reflect some form of collective memory, either lived or imagined; and they combine both to construct cultural identities. Today, the three terms raise conjoined issues of practice, policy and politics in an increasingly globalized world. Bringing together a truly global range of scholars, this volume explores heritage, memory, and identity through a diverse set of subjects, including heritage sites, practices of memorialization, museums, sites of contestation, and human rights."--Publisher description.
650 #0 - SUBJECT ADDED ENTRY--TOPICAL TERM
Topical term or geographic name entry element Culture and globalization.
650 #0 - SUBJECT ADDED ENTRY--TOPICAL TERM
Topical term or geographic name entry element Arts and globalization.
700 1# - ADDED ENTRY--PERSONAL NAME
Personal name Anheier, Helmut K.,
Dates associated with a name 1954-
700 1# - ADDED ENTRY--PERSONAL NAME
Personal name Isar, Yudhishthir Raj.
830 #0 - SERIES ADDED ENTRY--UNIFORM TITLE
Uniform title Cultures and globalization series ;
Volume/sequential designation 4.
906 ## - LOCAL DATA ELEMENT F, LDF (RLIN)
a 7
b cbc
c copycat
d 2
e ncip
f 20
g y-gencatlg
942 ## - ADDED ENTRY ELEMENTS (KOHA)
Source of classification or shelving scheme Library of Congress Classification
Koha item type Books
Classification part 621
Item part HER
Call number prefix HM
Holdings
Withdrawn status Lost status Damaged status Not for loan Collection code Home library Current library Shelving location Date acquired Total Checkouts Full call number Barcode Date last seen Copy number Price effective from Koha item type
        Non-fiction Mashava Campus Library Mashava Campus Library General Stacks 05/12/2021   HM621HER2011 007615 05/12/2021 c.1 05/12/2021 Books
        Non-fiction Mashava Campus Library Mashava Campus Library General Stacks 05/12/2021   HM621HER2011 007617 05/12/2021 c.2 05/12/2021 Books
        Non-fiction Mashava Campus Library Mashava Campus Library General Stacks 05/12/2021   HM621HER2011 007620 05/12/2021 c.3 05/12/2021 Books